Pengurusan kewangan perniagaan kecil & sederhana : Keusahawanan Malaysia

Bibliographic Details
Main Author: Mohamed Dahlan Ibrahim
Format: Book
Published: Selangor : Prentice Hall , 2002
Subjects:

MARC

LEADER 00000cam a2200000 7i4500
001 0000013073
005 20050509.0
020 |a 9832473705 
040 |a INS 
090 0 0 |a HG4027.7   |b M7252 2002 
100 1 |a Mohamed Dahlan Ibrahim 
245 1 0 |a Pengurusan kewangan perniagaan kecil & sederhana :   |b Keusahawanan Malaysia   |c Mohamed Dahlan Ibrahim 
260 |a Selangor :   |b Prentice Hall ,   |c 2002 
300 |a ix :   |b 156p ;   |c 21cm. 
650 0 0 |a Business Enterprises 
999 |a 0000013377   |b BOOK   |c Open Shelf   |e Default branch